Hóa học vô cơ Giáo trình đào tạo giáo viên THCS hệ CĐSP T.2

Gorde:
Xehetasun bibliografikoak
Egile nagusia: Trần Thị Đà
Beste egile batzuk: Nguyễn Thế Ngôn (tác giả)
Formatua: Liburua
Argitaratua: Hà Nội ĐH Sư phạm 2000
Gaiak:
Etiketak: Etiketa erantsi
Etiketarik gabe, Izan zaitez lehena erregistro honi etiketa jartzen!
Thư viện lưu trữ: Trung tâm Học liệu Lê Vũ Hùng, Trường Đại học Đồng Tháp
LEADER 00811pam a22002418a 4500
001 00044653
005 20190830090821.0
008 110630s2001 ||||||Viesd
020 # # |c 20400 
041 0 # |a Vie 
082 1 # |a 546.071  |b H401H 
100 0 # |a Trần Thị Đà 
245 0 0 |a Hóa học vô cơ  |b Giáo trình đào tạo giáo viên THCS hệ CĐSP  |c Trần Thị Đà, Nguyễn Thế Ngôn  |n T.2 
260 # # |a Hà Nội  |b ĐH Sư phạm  |c 2000 
300 # # |a 227tr.  |c 27 cm. 
500 # # |a Bộ GD & ĐT. 
650 # # |a Hóa học 
650 # # |a Hóa vô cơ 
653 # # |a Giáo trình 
700 0 # |a Nguyễn Thế Ngôn  |e tác giả 
852 # # |j KD.0026164 
910 # # |d 30/8/2019 
980 # # |a Trung tâm Học liệu Lê Vũ Hùng, Trường Đại học Đồng Tháp